| 000 | 00524nam a2200193Ia 4500 | ||
|---|---|---|---|
| 003 | OSt | ||
| 005 | 20250218112234.0 | ||
| 008 | 210210b1998 xxu||||| |||| 00| 0 eng d | ||
| 040 | _cAL | ||
| 041 | _aKannada | ||
| 082 | _aK894.3 LILN | ||
| 100 |
_aLILA MANNALA. _dಲೀಲಾ ಮಣ್ಣಾಲ _9200613 |
||
| 245 |
_aNima Ninada _bನಿಮ್ಮ ನಿನಾದ |
||
| 260 |
_aPutturu _bKannada Prapancha Prakashana _c1998 |
||
| 300 | _a135 | ||
| 690 |
_aKannada Fiction _9200614 |
||
| 906 | _a054750 | ||
| 942 |
_2ddc _cBK |
||
| 999 |
_c102599 _d102599 |
||